| 000 | 00440nam a22001457a 4500 | ||
|---|---|---|---|
| 020 | _a9780385340250 | ||
| 082 |
_a813.54 _bSTE |
||
| 100 | _aSteel, Danielle. | ||
| 245 |
_aRogue / _cDanielle Steel |
||
| 260 |
_aNew York: _bDelacorte Press Book, _c2008 |
||
| 300 | _a305 p. | ||
| 563 | _aHBK | ||
| 650 |
_aLife change events _aDivorced parents _aAmerican fiction _aHumanitarian assistance _aChild psychiatrists _991636 |
||
| 942 |
_2ddc _cBK |
||
| 999 |
_c589767 _d589767 |
||